Riešenie poistno-štatistických úloh v Exceli

Salvato in:
Dettagli Bibliografici
Autore principale: Škrovánková, Lea, 1954-
Natura: Capitolo di libro
Lingua:slovacco
Soggetti:
Tags: Aggiungi Tag
Nessun Tag, puoi essere il primo ad aggiungerne!!

MARC

LEADER 00000naa$a2200000$$$4500
001 0078965
005 20240502071914.4
041 0 |a slo 
044 |a SK 
245 1 0 |a Riešenie poistno-štatistických úloh v Exceli  |c Lea Škrovánková 
500 |a Abstrakt 
610 2 0 |a poisťovníctvo 
610 2 0 |a poistenie dôchodkové 
610 2 0 |a metódy aktuárske 
610 2 0 |a trh poistný 
100 1 |a Škrovánková, Lea, 1954-